|
|
|
|
| LEADER |
00000nam0a2200000 4500 |
| 001 |
374408 |
| 005 |
20231102012640.0 |
| 020 |
|
|
|a RU
|b 86-57987
|
| 035 |
|
|
|a (RuTPU)RU\TPU\retro\31842
|
| 035 |
|
|
|a RU\TPU\book\303924
|
| 090 |
|
|
|a 374408
|
| 100 |
|
|
|a 20221219d1986 k y0rusy5003 ca
|
| 101 |
0 |
|
|a rus
|
| 102 |
|
|
|a TJ
|
| 105 |
|
|
|a a z 001zy
|
| 200 |
1 |
|
|a Оптоэлектронные излучательные приборы на основе фосфида индия и родственных материалов
|f И. Исмаилов
|g Академия наук Таджикской ССР (АН ТадССР), Физико-технический институт (ФТИ) ; под ред. П. Г. Елисеева
|
| 210 |
|
|
|a Душанбе
|c Дониш
|d 1986
|
| 215 |
|
|
|a 207 с.
|c ил.
|
| 320 |
|
|
|a Библиогр.: с. 186-204
|
| 606 |
|
|
|a Оптико-электронные приборы
|x Надежность
|2 stltpush
|3 (RuTPU)RU\TPU\subj\47181
|9 66241
|
| 610 |
1 |
|
|a фосфид индия
|
| 610 |
1 |
|
|a характеристики
|
| 610 |
1 |
|
|a лазерное излучение
|
| 610 |
1 |
|
|a катодолюминесценция
|
| 610 |
1 |
|
|a получение
|
| 610 |
1 |
|
|a исследование
|
| 610 |
1 |
|
|a электролюминесценция
|
| 610 |
1 |
|
|a твердые растворы
|
| 610 |
1 |
|
|a температурная зависимость
|
| 610 |
1 |
|
|a лазеры-имитаторы
|
| 675 |
|
|
|a 621.383
|v 3
|
| 700 |
|
1 |
|a Исмаилов
|b И.
|g Исроилжан
|
| 702 |
|
1 |
|a Елисеев
|b П. Г.
|g Петр Георгиевич
|4 340
|
| 712 |
0 |
2 |
|a Академия наук Таджикской ССР (АН ТадССР)
|b Физико-технический институт (ФТИ)
|c (Душанбе)
|2 stltpush
|3 (RuTPU)RU\TPU\col\17799
|
| 801 |
|
0 |
|a RU
|b RuMRKP
|c 19950704
|g psbo
|
| 801 |
|
1 |
|a RU
|b 63413507
|c 20150110
|
| 801 |
|
2 |
|a RU
|b 63413507
|c 20221219
|g RCR
|
| 942 |
|
|
|c BK
|